[Event "Harrogate 4NCL op-B 17th"]
[Site "Harrogate"]
[Date "2018.01.20"]
[Round "2"]
[White "Webster, Richard J"]
[Black "May, Paul"]
[Result "1/2-1/2"]
[WhiteElo "1921"]
[BlackElo "1689"]
[PlyCount "98"]
[EventDate "2018.01.19"]
[EventType "swiss"]
[EventRounds "5"]
[EventCountry "ENG"]
[SourceTitle "CBM 182 Extra"]
[Source "ChessBase"]
[SourceDate "2018.02.23"]
[SourceVersion "1"]
[SourceVersionDate "2018.02.23"]
[SourceQuality "1"]

1. d4 g6 2. c4 Bg7 3. e4 c5 4. d5 d6 5. Nc3 f5 6. Nf3 Bxc3+ 7. bxc3 fxe4 8. Ng5 Nf6 9. h4 Qa5 10. Be2 Qxc3+ 11. Bd2 Qa3 12. h5 Rg8 13. hxg6 hxg6 14. Qb1 e3 15. fxe3 b6 16. Bd3 Na6 17. Bxg6+ Kd8 18. Ne6+ Bxe6 19. dxe6 Kc7 20. Be4 Nxe4 21. Qxe4 Nb4 22. Rh7 Rae8 23. Bxb4 Qxb4+ 24. Kf1 Qb2 25. Rd1 Rgf8+ 26. Kg1 Qf2+ 27. Kh1 Rh8 28. Rd5 Rxh7+ 29. Qxh7 Qf6 30. Qf5 Rh8+ 31. Kg1 Qxf5 32. Rxf5 Rh6 33. g4 Rxe6 34. Kf2 Rf6 35. e4 Kc6 36. Ke3 b5 37. cxb5+ Kxb5 38. g5 Rg6 39. Kf4 Kc6 40. Rf7 Kd7 41. Kf5 Rg8 42. g6 c4 43. g7 c3 44. Kg6 c2 45. Rf1 Rc8 46. Rc1 Rc3 47. Kh5 Rg3 48. Kh6 Rh3+ 49. Kg5 Rg3+ 1/2-1/2

[Event "Shropshire op"]
[Site "Telford"]
[Date "2018.01.06"]
[Round "2"]
[White "Webster, Richard J"]
[Black "Macklin, Paul"]
[Result "0-1"]
[WhiteElo "1921"]
[BlackElo "2329"]
[PlyCount "46"]
[EventDate "2018.01.05"]
[EventType "swiss"]
[EventRounds "5"]
[EventCountry "ENG"]
[SourceTitle "CBM 182 Extra"]
[Source "ChessBase"]
[SourceDate "2018.02.23"]
[SourceVersion "1"]
[SourceVersionDate "2018.02.23"]
[SourceQuality "1"]

1. d4 d6 2. c4 e5 3. Nc3 exd4 4. Qxd4 Nc6 5. Qd3 g6 6. Nf3 Bg7 7. e4 Nge7 8. Be2 0-0 9. 0-0 f5 10. Bd2 fxe4 11. Nxe4 Bf5 12. h3 Qd7 13. Rae1 Rae8 14. Bd1 Kh8 15. Bc3 Ng8 16. Nh4 Rxe4 17. Rxe4 Bxe4 18. Bxg7+ Qxg7 19. Qxe4 Qxb2 20. Bc2 Nge7 21. Rb1 Qd4 22. Rxb7 Qxf2+ 23. Kh1 Rf4 0-1

[Event "BCF-chT3N 1617 (4NCL)"]
[Site "England"]
[Date "2017.04.30"]
[Round "10.25"]
[White "Webster, Richard J"]
[Black "Fabri, Henrik"]
[Result "1/2-1/2"]
[WhiteElo "2020"]
[BlackElo "1941"]
[PlyCount "42"]
[EventDate "2016.11.26"]
[EventType "team-swiss"]
[EventRounds "11"]
[EventCountry "ENG"]
[SourceTitle "EXT 2019"]
[Source "ChessBase"]
[SourceDate "2018.10.10"]
[SourceVersion "1"]
[SourceVersionDate "2018.10.10"]
[SourceQuality "1"]
[WhiteTeam "Manchester Manticores II"]
[BlackTeam "Manx Liberty"]
[WhiteTeamCountry "ENG"]
[BlackTeamCountry "IOM"]

1. c4 Nf6 2. Nf3 e6 3. Nc3 Bb4 4. g3 b6 5. Bg2 Bb7 6. 0-0 0-0 7. a3 Bxc3 8. bxc3 d6 9. d3 Nbd7 10. a4 a5 11. Ba3 Re8 12. Re1 Qb8 13. Rb1 Qa7 14. Qc2 Rad8 15. e4 Qa8 16. Nd4 Nc5 17. f4 e5 18. Nb5 Na6 19. Bc1 Bc6 20. Bd2 Qb7 21. h3 Nc5 1/2-1/2

[Event "Wakefield 4NCL op 13th"]
[Site "Wakefield"]
[Date "2017.04.09"]
[Round "5"]
[White "Webster, Richard J"]
[Black "Stewart, Ashley"]
[Result "0-1"]
[WhiteElo "1945"]
[BlackElo "2091"]
[PlyCount "54"]
[EventDate "2017.04.07"]
[EventType "swiss"]
[EventRounds "5"]
[EventCountry "ENG"]
[SourceTitle "CBM 177 Extra"]
[Source "ChessBase"]
[SourceDate "2017.04.27"]
[SourceVersion "1"]
[SourceVersionDate "2017.04.27"]
[SourceQuality "1"]

1. Nf3 c5 2. e4 g6 3. d4 cxd4 4. Nxd4 Nc6 5. Nc3 Bg7 6. Be3 Nf6 7. Nb3 0-0 8. Be2 d6 9. 0-0 b6 10. f3 Bb7 11. a4 Na5 12. Nxa5 bxa5 13. Nb5 Nd7 14. c3 Nc5 15. Bxc5 dxc5 16. Qxd8 Rfxd8 17. Rfd1 Rxd1+ 18. Rxd1 Bc6 19. Nc7 Rb8 20. Bb5 Bxb5 21. axb5 Be5 22. Nd5 Rxb5 23. Nxe7+ Kf8 24. Nc6 Bf4 25. Rd8+ Kg7 26. b4 cxb4 27. cxb4 axb4 0-1

[Event "BCF-chT3N 1617 (4NCL)"]
[Site "England"]
[Date "2017.03.19"]
[Round "8.45"]
[White "Webster, Richard J"]
[Black "Mort, Andrew J"]
[Result "1-0"]
[WhiteElo "2020"]
[BlackElo "1895"]
[PlyCount "45"]
[EventDate "2016.11.26"]
[EventType "team-swiss"]
[EventRounds "11"]
[EventCountry "ENG"]
[SourceTitle "EXT 2019"]
[Source "ChessBase"]
[SourceDate "2018.10.10"]
[SourceVersion "1"]
[SourceVersionDate "2018.10.10"]
[SourceQuality "1"]
[WhiteTeam "Manchester Manticores II"]
[BlackTeam "Spirit of Atticus II"]
[WhiteTeamCountry "ENG"]
[BlackTeamCountry "ENG"]

1. c4 c5 2. Nf3 Nf6 3. Nc3 e6 4. g3 d5 5. cxd5 exd5 6. d4 Nc6 7. Bg2 Be7 8. 0-0 0-0 9. dxc5 Bxc5 10. a3 Bg4 11. b4 Be7 12. Bb2 Rc8 13. Rc1 Re8 14. Qd3 Bxf3 15. Qxf3 Ne5 16. Qf5 Nc4 17. Nxd5 Nxd5 18. Rxc4 Nb6 19. Rg4 Bf8 20. Bxb7 Rc7 21. Bf3 Nc4 22. Bf6 Qc8 23. Rxg7+ 1-0